000
00333nam a22001457a 4500
003
SGT
020
_a
978-81-239-2199-0
082
_a
612.015
_b
GUP
100
_a
GUPTA, R. C.
245
_a
MEDICAL BIOCHEMISTRY
260
_a
DELHI , INDIA
_b
CBS. PUB.
_c
2013
300
_a
410
650
_a
MEDICAL BIOCHEMISTRY
942
_2
ddc
_c
BK
999
_c
32383
_d
32383